<?xml version="1.0" encoding="UTF-8"?>
<record
    xmlns:xsi="http://www.w3.org/2001/XMLSchema-instance"
    xsi:schemaLocation="http://www.loc.gov/MARC21/slim http://www.loc.gov/standards/marcxml/schema/MARC21slim.xsd"
    xmlns="http://www.loc.gov/MARC21/slim">

  <leader>01218nam a2200265Ia 4500</leader>
  <controlfield tag="008">260430s2026    sp            000 0 spa d</controlfield>
  <datafield tag="041" ind1=" " ind2=" ">
    <subfield code="a">spa</subfield>
  </datafield>
  <datafield tag="245" ind1="1" ind2="0">
    <subfield code="a">CCOO pide que se refuerce el control de precios</subfield>
    <subfield code="b">: valoraci&#xF3;n del RDL 7/2026 que incorpora medidas para hacer frente a la crisis energ&#xE9;tica derivada del conflicto en Oriente Medio</subfield>
  </datafield>
  <datafield tag="260" ind1=" " ind2=" ">
    <subfield code="a">[Madrid] :</subfield>
    <subfield code="b">CCOO, Confederaci&#xF3;n Sindical, Secretar&#xED;a de Acci&#xF3;n Sindical y Transiciones Estrat&#xE9;gicas,</subfield>
    <subfield code="c">2026</subfield>
  </datafield>
  <datafield tag="300" ind1=" " ind2=" ">
    <subfield code="a">1 p.  ;</subfield>
    <subfield code="c"> 30 cm</subfield>
  </datafield>
  <datafield tag="500" ind1=" " ind2=" ">
    <subfield code="a">En: REDacci&#xF3;n digital, n. 7 (abril 2026), p. 8</subfield>
  </datafield>
  <datafield tag="650" ind1=" " ind2="0">
    <subfield code="a">CONTROL DE LOS PRECIOS</subfield>
    <subfield code="9">16692</subfield>
  </datafield>
  <datafield tag="650" ind1=" " ind2="0">
    <subfield code="a">PRODUCCION DE ENERGIA</subfield>
    <subfield code="9">14106</subfield>
  </datafield>
  <datafield tag="650" ind1=" " ind2="0">
    <subfield code="a">CONSUMO DE ENERGIA</subfield>
    <subfield code="9">271</subfield>
  </datafield>
  <datafield tag="650" ind1=" " ind2="0">
    <subfield code="a">INDUSTRIA DEL PETROLEO</subfield>
    <subfield code="9">5466</subfield>
  </datafield>
  <datafield tag="650" ind1=" " ind2="0">
    <subfield code="a">PETROLEO</subfield>
    <subfield code="9">8434</subfield>
  </datafield>
  <datafield tag="650" ind1=" " ind2="0">
    <subfield code="a">IRAN (REPUBLICA ISLAMICA DEL)</subfield>
    <subfield code="9">29691</subfield>
  </datafield>
  <datafield tag="650" ind1=" " ind2="0">
    <subfield code="a">GUERRA</subfield>
    <subfield code="9">799</subfield>
  </datafield>
  <datafield tag="650" ind1=" " ind2="0">
    <subfield code="a">ACTITUD SINDICAL</subfield>
    <subfield code="9">61</subfield>
  </datafield>
  <datafield tag="710" ind1="2" ind2=" ">
    <subfield code="a">CCOO</subfield>
    <subfield code="b">Confederaci&#xF3;n Sindical</subfield>
    <subfield code="b">Secretar&#xED;a de Acci&#xF3;n Sindical y Transiciones Estrat&#xE9;gicas</subfield>
    <subfield code="9">40889</subfield>
  </datafield>
  <datafield tag="710" ind1="2" ind2=" ">
    <subfield code="a">CCOO</subfield>
    <subfield code="b">Confederaci&#xF3;n Sindical</subfield>
    <subfield code="b">Secretar&#xED;a de Comunicaci&#xF3;n</subfield>
    <subfield code="9">18851</subfield>
  </datafield>
  <datafield tag="856" ind1=" " ind2=" ">
    <subfield code="z">PDF</subfield>
    <subfield code="u">https://docpublicos.ccoo.es/cendoc/073605CCOOPideRefuerce.pdf</subfield>
  </datafield>
  <datafield tag="907" ind1=" " ind2=" ">
    <subfield code="a">Guerra en Ir&#xE1;n</subfield>
  </datafield>
  <datafield tag="942" ind1=" " ind2=" ">
    <subfield code="c">DOCU_ELEC</subfield>
    <subfield code="2">ddc</subfield>
  </datafield>
  <datafield tag="999" ind1=" " ind2=" ">
    <subfield code="c">64711</subfield>
    <subfield code="d">64711</subfield>
  </datafield>
  <datafield tag="952" ind1=" " ind2=" ">
    <subfield code="0">0</subfield>
    <subfield code="1">0</subfield>
    <subfield code="2">ddc</subfield>
    <subfield code="4">0</subfield>
    <subfield code="7">0</subfield>
    <subfield code="a">CENDO</subfield>
    <subfield code="b">CENDO</subfield>
    <subfield code="d">2026-04-30</subfield>
    <subfield code="i">073605</subfield>
    <subfield code="l">0</subfield>
    <subfield code="p">2026-0953</subfield>
    <subfield code="r">2026-04-30 10:50:17</subfield>
    <subfield code="t">PS164</subfield>
    <subfield code="w">2026-04-30</subfield>
    <subfield code="y">DOCU_ELEC</subfield>
  </datafield>
</record>
